000
00204nam a2200109Ia 4500
100
_a
#N/A
942
_c
BK
654
_a
neural networks
245
_a
Neural Networks
260
_b
#N/A
546
_a
ENGLISH
999
_c
26152
_d
26152